| 000 | 01185nam a2200265Ia 4500 | ||
|---|---|---|---|
| 005 | 20240530110121.0 | ||
| 008 | 140319s9999 xx 000 0 ara d | ||
| 040 |
_aGCL / _cGCL |
||
| 082 | 0 | 4 |
_a811.5 / _bم ش |
| 100 | 1 | _aابوالعلاء المعرى | |
| 245 | 1 | 0 |
_aشروح سقط الزند / _cتاليف ابوالعلاء المعرى ؛ محقق مصطفى السقا ، عبدالرحيم محمود ، عبدالسلام هارون ، ابراهيم الابيارى ، حامد عبدالمجيد |
| 260 |
_aالقاهرة : _bالهيئة المصرية العامة للكتاب، _c1946 |
||
| 300 |
_aمتعدد ؛ _c24 سم |
||
| 490 |
_aمركز تحقيق التراث _v0 |
||
| 650 | 0 | 4 | _aدواوين وقصائد |
| 650 | 0 | 4 | _aالشعر العربى - تاريخ ونقد |
| 700 | 1 |
_aطه حسين _eمشرف |
|
| 700 | 1 |
_aمصطفى السقا _eمحقق |
|
| 700 | 1 |
_aعبدالرحيم محمود _eمحقق |
|
| 700 | 1 |
_aعبدالسلام هارون _eمحقق |
|
| 700 | 1 |
_aابراهيم الابيارى _eمحقق |
|
| 700 | 1 |
_aحامد عبدالمجيد _eمحقق |
|
| 942 |
_2ddc _cBK |
||
| 999 |
_c58707 _d58707 |
||